| 000 | 00520nam a22001937a 4500 | ||
|---|---|---|---|
| 003 | MPLRDC | ||
| 005 | 20220104193144.0 | ||
| 008 | 210129b ||||| |||| 00| 0 eng d | ||
| 020 | _a978-986-88333-1-9 | ||
| 082 | _a427.4 ZY-2 | ||
| 100 | _a张晔、左小霞 | ||
| 245 |
_a13亿人都在喝的神奇养生豆浆 _c |
||
| 250 | _a三版二刷 | ||
| 260 |
_a台湾 _b绘虹企业股份有限公司 _c2013 |
||
| 300 | _b平 | ||
| 520 | _a上架 2016-12-01。 | ||
| 650 | _a饮料--豆浆 | ||
| 942 |
_cBK _o427.4 ZY-2 |
||
| 999 |
_c65057 _d65047 |
||